Estrangeiros que venceram a Bola de Prata da Placar - Statistics

Estatísticas Gerais
  • Esse quiz foi jogado 87 vezes
  • A pontuação média é 16 de 32
Estatísticas das Respostas
País de origem Clube (s) quando ganhou o prêmio Ano (s) da premiação Resposta % Correto
Uruguai Flamengo 2019 Giorgian De Arrascaeta
93%
Argentina Corinthians 2005 Carlos Tévez
91%
Sérvia Vasco, Fluminense e Flamengo 2004, 2005 e 2009 Dejan Petkovic
90%
Países Baixos Botafogo 2013 Clarence Seedorf
88%
Peru Corinthians 2014 Paolo Guerrero
80%
Argentina Fluminense 2010 Darío Conca
78%
Paraguai Internacional, Corinthians e Palmeiras 1995, 1996, 1998 e 2005 Carlos Gamarra
74%
Uruguai São Paulo 2004 e 2005 Diego Lugano
74%
Paraguai Palmeiras 2019 Gustavo Gómez
74%
Chile Palmeiras 2007 Jorge Valdívia
69%
Colômbia Corinthians 1999 Freddy Rincón
68%
Paraguai Palmeiras 1998, 2000 e 2001 Francisco Arce
59%
Paraguai Corinthians 2017 Fabián Balbuena
58%
Chile Internacional 2014 Charles Aránguiz
57%
Argentina Cruzeiro 2000 Juan Pablo Sorín
54%
Chile Internacional 1972, 1974, 1975 e 1976 Elias Figueroa
53%
Argentina Cruzeiro 2010 e 2011 Walter Montillo
48%
Argentina Atlético-MG 2015 Lucas Pratto
46%
Argentina Internacional 2009 Pablo Guiñazú
42%
Uruguai Grêmio 1984 Hugo de León
37%
Argentina Internacional 2018 Victor Cuesta
35%
Uruguai Náutico 2007 Beto Acosta
33%
Chile Cruzeiro 2003 Cláudio Maldonado
33%
Paraguai Fluminense 1984 Romerito
32%
Uruguai São Paulo 1973 Pedro Rocha
25%
Uruguai São Paulo 1981, 1983 e 1986 Dario Pereyra
21%
Uruguai Internacional 1985 Rubén Paz
14%
Argentina Fluminense 1976 Narciso Doval
12%
Argentina Santos 1973 Agustín Cejas
11%
Argentina Vasco 1971 Edgardo Andrada
11%
Uruguai Grêmio 1973 Atílio Ancheta
10%
Uruguai Internacional 1988 Óscar Aguirregaray
6%
Nenhum quiz correspondente encontrado
Distribuição das Pontuações
Porcentagem de Pessoas com Cada Pontuação
Percentil de Números Respondidos
Sua Pontuação Histórica
Você não jogou esse quiz